000 00956cam a2200241 4500
001 4070432
005 19901015101441.8
008 700622s1970 nyu |db 001 0 eng d
010 _a 69011013
040 _aDLC
_cDLC
_dDLC
050 0 0 _aE813
_b.A76 1970
082 0 0 _a327.73
_bALP
_222
100 1 _aAlperovitz, Gar,
_ecomp.
_910180
245 1 0 _aCold War Essays/
_cGar Alperovitz with an introduction by Christopher Lasch
260 _aGarden City, N.Y.:
_bAnchor Books,
_c1970.
300 _a150 p.;
_c19 cm.
500 _aDonated by: Alaa Abdel Ghany
504 _aIncludes bibliography: p. 137-139 and index
650 0 _aCold War.
_910181
651 0 _aUnited States
_xForeign relations
_y1945-1953.
_910182
942 _2ddc
_cBB
999 _c13088
_d13088